Oldest U.S. Governors Quiz - Statistics

General Stats
  • This quiz has been taken 50 times
    8 since last reset
  • The average score is 4 of 10
Answer Stats
Age Birthday Governor % Correct
81 October 15,1944 R Kay Ivey
83%
79 January 5,1947 R Mike DeWine
50%
72 January 3, 1954 D Ned Lamont
50%
74 November 5, 1951 D Tony Evers
50%
74 June 16,1951 D Dan McKee
33%
78 May 27,1947 R Henry McMaster
33%
78 December 30,1947 D Janet Mills
33%
72 February 15, 1954 R Brad Little
17%
76 January 24,1950 D Laura Kelly
0%
71 March 24, 1954 R Mike Braun
0%
No matching quizzes found
Score Distribution
Percent of People with Each Score
Percentile by Number Answered
Your Score History
You have not taken this quiz since the last reset